000
00324nam a22001337a 4500
005
20170406130321.0
008
170406b xxu||||| |||| 00| 0 eng d
041
_a
eng
100
_a
CHAWLA, SHASHI.
_9
2611
245
_a
A TEXTBOOK OF ENGINEERING CHEMISTRY
260
_a
DELHI
_b
DHANPAT RAI CO
300
_a
11.24
942
_c
BK
999
_c
5441
_d
5439